000 00267nam a22001217a 4500
008 180115b xxu||||| |||| 00| 0 eng d
041 _aeng
080 _a321
100 _a21
101 _aGJL
245 _aRosseau's Political Writings
_cRitter, A
942 _2udc
_cBK
999 _c40303
_d40303